00629nam a2200181Ia 4500952015500000999001500155003000400170005001700174008004100191040000900232082001800241100002100259245006100280250001200341260004300353300000900396942004200405 00102ddc40708ACCOUNTINGaMESbMEScACCOUNTINGd2019-02-20g125.00l1o657.42 JAI/Ip25807r2023-01-30 00:00:00s2023-01-17w2019-02-20yBKzGL56R3 c6009d6009OSt20200114154318.0190216s9999||||xx |||||||||||||| ||und|| coclc a657.42bJAI/I aJain, S P 91169 0aIntroduction To Cost Accounting /cS P Jain ; K L Narang a2nd ed. bKalyani Publishers,c2000.aNew Delhi: a485p cBK2ddch657.42iJAI/Ik657.42mJAI/I